Statistics for Star Wars: 100 Characters

Click here to take the quiz!

General Stats

  • This quiz has been taken 41 times
  • The average score is 52 of 100

Answer Stats

HintAnswer% Correct
He's more machine than manAnakin Skywalker / Darth Vader
100%
Scoundrel pilot-cum-rebel GeneralHan Solo
97%
A farm boy turned rebellious JediLuke Skywalker
97%
Famous blue and white droidR2-D2
97%
Diminutive green Jedi MasterYoda
97%
Golden multilingual droidC-3PO
93%
The Sith leader of the Galactic EmpireEmperor Palpatine
93%
Wields a double-bladed red lightsaberDarth Maul
90%
Slimy, slug-like crimelordJabba the Hutt
90%
Princess of Alderaan and rebel GeneralLeia Organa
90%
He taught both of the first two charactersObi-Wan Kenobi
90%
Son of #5 and 6, turns to the dark sideBen Solo / Kylo Ren
87%
Mandalorian bounty hunter with green armorBoba Fett
87%
The above's furry companionChewbacca
87%
Widely loathed gungan senate representativeJar Jar Binks
87%
His fatherJango Fett
83%
Jedi who wields a purple lightsaberMace Windu
83%
Separatist leader and Sith LordCount Dooku
80%
A senator from Naboo and #2's love interestPadmé Amidala
80%
Clone Captain of the 501st LegionCaptain Rex
77%
A stormtrooper who defected from the First OrderFinn
77%
Former leader of the Bespin mining facilityLando Calrissian
77%
Wise, unorthodox Jedi Master to #3Qui-Gon Jinn
77%
Clone Commander of the 212th legionCody
73%
Cyborg Separatist generalGeneral Grievous
73%
Orange spherical droidBB-8
70%
Bounty hunter with his own series by Jon FavreauDin Djarin
70%
Mon Calamari Admiral fond of trapsGial Ackbar
67%
Green-tentacled JediKit Fisto
67%
Scavenger from JakkuRey Skywalker
67%
Blue-skinned bounty hunter with red eyesCad Bane
63%
Large-headed Jedi concerned with the wookieesKi-Adi Mundi
63%
#1's uncle and Tatooine farmerOwen Lars
63%
Leader of the First OrderSnoke
63%
Senator from Alderaan and a friend to the JediBail Organa
60%
Rebel soldier with his own eponymous seriesCassian Andor
60%
ARC trooper with a repeating numberFives
60%
#2's motherShmi Skywalker
60%
Orange-haired general of the First OrderArmitage Hux
57%
His ward, another diminutive green fellowGrogu
57%
Accomplished pilot Jedi with a breathing maskPlo Koon
57%
His brotherSavage Oppress
57%
#1's aunt and Tatooine farmerBeru Lars
53%
Blue-skinned imperial Grand AdmiralMitth'rawn'uruodo
53%
Viceroy of the Trade FederationNute Gunray
53%
The female clone who joins the Bad BatchOmega
53%
Dug podracer and frequent cheaterSebulba
53%
Sith assassin from DathomirAsajj Ventress
50%
His tragedy is not one the Jedi would tell youDarth Plagueis
50%
A regular clone with cybernetic implantsEcho
50%
Leader of the Bad BatchHunter
50%
Daughter of an Imperial scientist. Stardust.Jyn Erso
50%
Resistance ace pilot from Yavin IVPoe Dameron
50%
Toydarian junk shop ownerWatto
50%
Orange-skinned Togruta apprentice to #2Ahsoka Tano
47%
The Bad Batch's sniperCrosshair
47%
Main protagonist of Star Wars RebelsEzra Bridger
47%
Reprogrammed imperial security droidK-2SO
47%
His master and father figureKanan Jarrus
47%
Blue-skinned Twi'lek JediAayla Secura
43%
Psychopathic droid of Phoenix SquadChopper
43%
Giant purple rebelGarazeb Orrelios
43%
Senator and future general of the rebellionMon Mothma
43%
The Bad Batch's walking IT departmentTech
43%
The Bad Batch's muscleWrecker
43%
Trandoshan bounty hunterBossk
40%
Leader of the GungansBoss Nass
40%
Mandalorian weapons expert and artistSabine Wren
40%
His love interest, the brilliant Twi'Lek pilotHera Syndulla
37%
Another Imperial GeneralMaximillian Veers
37%
Former ruler of Mandalore and #3's love interestSatine Kryze
37%
Her former PadawanBarriss Offee
33%
His majordomo and assistantBib Fortuna
33%
Her sister and terrorist turned liberatorBo-Katan Kryze
33%
Imperial AdmiralFirmus Piett
33%
Clone trooper who sacrificed himself on the Rishi MoonHevy
33%
Highly skilled rebel pilotWedge Antilles
33%
Leader of the Jedi huntersGrand Inquisitor
30%
Mirialan Jedi MasterLuminara Unduli
30%
Leader of the NightsistersMother Talzin
30%
Naboo Royal Guard captainPanaka
30%
Aptly named rotund rebel pilotJek Porkins
27%
501st trooper who died in the final Clone Wars episodeJesse
27%
Sullustan rebel copilot at the Battle of EndorNien Nunb
27%
Grand Moff and governor of the Outer RimWilhuff Tarkin
27%
Main character of Jedi: Fallen Order and its sequelsCal Kestis
23%
Clone Wars bounty hunter with a frisbee hatEmbo
23%
Legendary pirate and all-round scoundrelHondo Ohnaka
23%
501st clone medicKix
23%
Ewok who first encounters #5Wicket W. Warrick
23%
Republic Admiral turned ISB colonelWulff Yularen
23%
Another Imperial AdmiralKendal Ozzel
20%
Several thousand year-old droid who builds lightsabersHuyang
17%
Imperial Security Bureau agent in Star Wars: RebelsAlexsandr Kallus
13%
Admiral Force-choked by #2Conan Antonio Motti
13%
Clone pilotOddball
10%
Pantoran senatorRiyo Chuchi
10%
Imperial GeneralCassio Tagge
7%
Another clone pilotHawk
7%
Another clone pilotMatchstick
7%

Score Distribution

Percentile by Number Answered

Percent of People with Each Score

Your Score History

You have not taken this quiz